000 00618nam a2200169 i 4500
001 91475
003 ES-MaACL
005 20230906180729.0
007 t|
008 050131s1956 sp ||||1| spa d
245 0 0 _aLey de Arrendamientos Urbanos
_b: texto articulado aprobado por Decreto de 13 de abril de 1956 /
_c[anotada por Juan V. fuentes Lojo].
260 _aBarcelona :
_bJosé María Bosch,
_c1956 (
_fVda. de Daniel Cochs)
300 _a92 p. ;
_c18 cm.
650 4 _aArrendamiento urbano-
_zEspaña-
_vLegislación.
_910065
700 1 _aFuentes Lojo, Juan V.
_952932
852 _aES-MaACL
_j1992-F-13
_bR.39224
999 _c91475
_d91475